| 000 -LEADER |
| fixed length control field |
00569cam a22001577a 4500 |
| 008 - FIXED-LENGTH DATA ELEMENTS--GENERAL INFORMATION |
| fixed length control field |
180718b2014 xxu||||| |||| 00| 0 eng d |
| 020 ## - INTERNATIONAL STANDARD BOOK NUMBER |
| International Standard Book Number |
9781783509393 |
| 082 ## - DEWEY DECIMAL CLASSIFICATION NUMBER |
| Classification number |
I513 Z2/10 |
| 245 ## - TITLE STATEMENT |
| Title |
Emotions and the organizational fabric , vol. 10 |
| Statement of responsibility, etc. |
edited by Neal M. Ashkanasy , Wilfred J. Zerbe and Charmine E.J. Hartel |
| 260 ## - PUBLICATION, DISTRIBUTION, ETC. |
| Place of publication, distribution, etc. |
India |
| Name of publisher, distributor, etc. |
Emerald |
| Date of publication, distribution, etc. |
2014 |
| 300 ## - PHYSICAL DESCRIPTION |
| Extent |
397p. |
| 650 ## - SUBJECT ADDED ENTRY--TOPICAL TERM |
| Topical term or geographic name entry element |
Organizational behavior |
| 650 ## - SUBJECT ADDED ENTRY--TOPICAL TERM |
| Topical term or geographic name entry element |
Psychology, Industrial |
| 650 ## - SUBJECT ADDED ENTRY--TOPICAL TERM |
| Topical term or geographic name entry element |
Work -- Psychological aspects |
| 700 ## - ADDED ENTRY--PERSONAL NAME |
| Personal name |
Ashkanasy, Neal M. , Zerbe, Wilfred J. and Hartel, Charmine E.J. |